FNAF World Party Members - Statistics

General Stats
  • This quiz has been taken 652 times
    557 since last reset
  • The average score is 35 of 48
Answer Stats
Party Member List of Attacks % Correct
Chica Cupcake/Party Favors/Regen Song
95%
Bonnie Bite/Bash Jam/Happy Jam
94%
Foxy Hook/Jumpscare/Hot Cheese
91%
BB Balloons/Hot Cheese/Munchies
86%
Nightmare Toxic Bite 2/Rainy Day/Mega Bite
86%
Mangle Hook/Poppers/Prize Ball
85%
Toy Freddy Mic Toss/Party Favors/Speed Song
83%
Toy Bonnie Bash Jam/Munchies/Prize Ball
82%
JJ (OG) Balloons/Poppers/Unscrew
81%
Springtrap Bite 2/Springlocks/Rainy Day
81%
Toy Chica Cupcake/Birthday/Waterhose
81%
Nightmare Chica Bite 2/Bad Pizza/Waterhose
80%
Nightmare Freddy Bite 2/Sludge/Freddles
80%
Freddy Fazbear Mic Toss/Pizza Wheel/Birthday
78%
Golden Freddy Jumpscare/Rainy Day 2/Haunting
78%
Nightmare Bonnie Bite 2/Rainy Day 2/Pizza Wheel 2
77%
Nightmare Fredbear Toxic Bite 2/Mega Bite/Bad Pizza
77%
Phantom Freddy Gloom Song/Rainy Day/Sludge
77%
Withered Bonnie Eye Beam/Pizza Wheel/Unscrew 2
77%
Nightmare Foxy Bite 2/Unscrew 2/Hot Cheese 2
76%
Phantom Chica Toxic Bite/Sludge/Unscrew
76%
Fredbear Mega Bite/Regen Song/Mimic Ball
75%
Withered Chica Bite/Cupcake/Prize Ball 2
75%
Withered Freddy Mic Toss/Gloom Song/Esc Key
75%
Phantom Foxy Jumpscare/Toxic Bite/Unscrew
74%
Withered Foxy Hook/Rainy Day/Hot Cheese 2
74%
Phantom BB Toxic Balloon/Gloom Balloon/Rainy Day
72%
Jack-O-Bonnie Haunting/Jack-O-Bomb/Slasher
71%
Jack-O-Chica Haunting/Jack-O-Bomb/Buzzsaw
71%
Marionette Prize Ball 2/Mystery Box/Esc Key
71%
Phantom Mangle Toxic Bite/Mystery Box/Pizza Wheel 2
71%
Nightmare BB Mega Bite/Bubble Breath/Balloons 2
68%
RWQFSFASXC (Shadow Bonnie) Haunting/Mimic Ball/Gift Boxes
68%
Funtime Foxy (OG) Happy Jam 2/Cosmic Song/Gift Boxes
67%
Springbonnie Springlocks/Happy Jam 2/Cosmic Song
67%
Endo 01 (OG) Power Song/Armor Song/Endo Army
66%
Endo 02 (OG) Speed Song/Endo Army/Neon Wall
66%
Shadow Freddy Unscrew/Esc Key/Waterhose
66%
Plushtrap Toxic Bite/Bad Pizza/Sludge
65%
Purple Guy Speed Song/Slasher/Hocus Pocus
63%
Phantom Marionette Jumpscare/ Hot Cheese 2/Mystery Box 2
62%
Crying Child Power Song/Armor Song/Gift Boxes
59%
Coffee (OG) Gift Boxes/Mega Virus/Neon Wall 2
57%
Endo Plush (OG) Neon Wall/Eye Beam/Waterhose 2
57%
Chipper (OG) Mimic Ball/Buzzsaw/Hocus Pocus
56%
Animdude (OG) Neon Wall/Mega Virus/4th Wall
52%
Paper Pals Prize Ball 2/Mystery Box 2/Mimic Ball
45%
Nightmarrione Prize Ball 2/Bubble Breath/4th Wall
22%
No matching quizzes found
Score Distribution
Percent of People with Each Score
Percentile by Number Answered
Your Score History
You have not taken this quiz since the last reset